| 000 | 00485nam a2200157 a 4500 | ||
|---|---|---|---|
| 001 | 000017215 | ||
| 005 | 20200929165042.0 | ||
| 008 | 100319s19uu dr 000 0 spa d | ||
| 040 |
_aDO-SdBNP _bspa _cBNPHU |
||
| 082 |
_axxx _bM917c |
||
| 100 | 1 |
_aMota Medrano, Salvador _937860 |
|
| 245 | 1 | 3 |
_aLa cantidad como dominante en la vida universal, teorĂa del cancer / _cSalvador Mota Medrano. |
| 260 |
_aSanto Domingo : _bArte y Cine, _c190? |
||
| 300 |
_a102 p. ; _c19 cm. |
||
| 049 | _aBNPD | ||
| 999 |
_c16740 _d16740 |
||